000 01307nam a22003374a 4500
001 ebr10076709
003 CaPaEBR
006 m u
007 cr cn|||||||||
008 020404s2002 enk sb 001 0 eng
010 _z 2002104872
020 _z9781412931298
020 _z0761967400
040 _aCaPaEBR
_cCaPaEBR
035 _a(OCoLC)70773972
050 1 4 _aRA395.G6
_bR44 2002eb
082 0 4 _a362.1/0941
_222
245 0 0 _aRegulating the health professions
_h[electronic resource] /
_cedited by Judith Allsop and Mike Saks.
260 _aLondon ;
_aThousand Oaks, Calif. :
_bSage Publications,
_c2002.
300 _ax, 166 p.
504 _aIncludes bibliographical references and index.
533 _aElectronic reproduction.
_bPalo Alto, Calif. :
_cebrary,
_d2013.
_nAvailable via World Wide Web.
_nAccess may be limited to ebrary affiliated libraries.
650 0 _aMedical care
_xLaw and legislation
_zGreat Britain.
650 0 _aMedical ethics
_zGreat Britain.
650 0 _aMedical policy
_zGreat Britain.
655 7 _aElectronic books.
_2local
700 1 _aAllsop, Judy,
_d1938-
700 1 _aSaks, Mike.
710 2 _aebrary, Inc.
856 4 0 _uhttp://site.ebrary.com/lib/rucke/Doc?id=10076709
_zAn electronic book accessible through the World Wide Web; click to view
999 _c53495
_d53495